Otkrytyj archiv (Titelsatznr. 57094)
[ MARC ]
| 000 -Satzkennung | |
|---|---|
| Kontrollfeld mit fester Länge | 01231nam a2200325 c 4500 |
| 001 - Kontrollnummer | |
| Kontrollfeld | BV012013779 |
| 003 - Kontrollnummer Identifier | |
| Kontrollfeld | DE-604 |
| 005 - Datum und Zeit der letzten Transaktion | |
| Kontrollfeld | 20210714123803.0 |
| 007 - Feld mit fester Länge zur physischen Beschreibung - Allgemeine Information | |
| Kontrollfeld mit fester Länge | t |
| 008 - Feld mit fester Länge zur physischen Beschreibung - Allgemeine Angaben | |
| Kontrollfeld mit fester Länge | 980622s1997 |||| 00||| rus d |
| 020 ## - Internationale Standardbuchnummer | |
| Internationale Standardbuchnummer | 5888340332 |
| Verknüpfung | 5-88834-033-2 |
| 035 ## - Systemkontrollnummer | |
| System-Kontrollnummer | (OCoLC)163758963 |
| 035 ## - Systemkontrollnummer | |
| System-Kontrollnummer | (DE-599)BVBBV012013779 |
| 040 ## - Katalogisierungsquelle | |
| Original-Katalogisierungsstelle | DE-604 |
| Katalogisierungssprache | ger |
| Übertragungsstelle | RU-10907106 |
| 041 0# - Sprachcode | |
| Sprachcode des Textes/der Tonspur oder des separaten Titels | rus |
| 245 10 - Titel | |
| Titel | Otkrytyj archiv |
| Zusatz zum Titel | spravočnik opublikovannych dokumentov po istorii Rossii XX veka iz gosudarstvcennych i semejnych archivov ; (po otečestvennoj periodike 1985 - 1995 gg.) |
| Verfasserangabe etc. | sost. I. A. Kondakova |
| 264 #1 - Produktion, Veröffentlichung, Distribution, Herstellung und Urheberrechtsvermerk | |
| Herstellungs-, Veröffentlichungs- Vertriebs-, Erzeugungsort | Moskva |
| Produzent, Herausgeber, Distributor, Hersteller | Izdat. ZAO Print-Servis |
| Datum der Herstellung, der Veröffentlichung, des Vertriebs oder des Urheberschutzvermerks | 1997 |
| 300 ## - Physische Beschreibung | |
| Umfang | 363 Seiten |
| 336 ## - Inhaltstyp | |
| Inhaltstypterm | Text |
| Inhaltstypcode | txt |
| Quelle | rdacontent |
| 337 ## - Medientyp | |
| Bezeichnung des Medientyps | ohne Hilfsmittel zu benutzen |
| Medientypcode | n |
| Quelle | rdamedia |
| 338 ## - Datenträgertyp | |
| Datenträgertypbezeichnung | Band |
| Datenträgertypcode | nc |
| Quelle | rdacarrier |
| 648 #7 - Nebeneintragung unter einem Schlagwort - Zeitschlagwort | |
| Zeitschlagwort | Geschichte 1918-1991 |
| Quelle der Ansetzung oder des Terms | gnd |
| Koha-Normdatenidentnummer | rswk-swf |
| 648 #7 - Nebeneintragung unter einem Schlagwort - Zeitschlagwort | |
| Zeitschlagwort | Geschichte 1890-1917 |
| Quelle der Ansetzung oder des Terms | gnd |
| Koha-Normdatenidentnummer | rswk-swf |
| 650 07 - Nebeneintragung unter einem Schlagwort - Sachschlagwort | |
| Sachschlagwort oder geografischer Name als Eintragungselement | Quelle |
| IDN des Normdatensatzes oder Standardnummer | (DE-588)4135952-5 |
| Quelle der Ansetzung oder des Terms | gnd |
| Koha-Normdatenidentnummer | rswk-swf |
| 651 #7 - Nebeneintragung unter einem Schlagwort - Geografischer Name | |
| Geografischer Name | Sowjetunion |
| IDN des Normdatensatzes oder Standardnummer | (DE-588)4077548-3 |
| Quelle der Ansetzung oder des Terms | gnd |
| Koha-Normdatenidentnummer | rswk-swf |
| 651 #7 - Nebeneintragung unter einem Schlagwort - Geografischer Name | |
| Geografischer Name | Russland |
| IDN des Normdatensatzes oder Standardnummer | (DE-588)4076899-5 |
| Quelle der Ansetzung oder des Terms | gnd |
| Koha-Normdatenidentnummer | rswk-swf |
| 655 #7 - Indexierungsterm - Genre/Form | |
| IDN des Normdatensatzes | |
| Genre/Form oder fokussierter Term | Bibliografie |
| Chronologische Unterteilung | 1985-1995 |
| Quelle der Ansetzung oder des Terms | gnd-content |
| 700 ## - Nebeneintragung - Personenname | |
| Funktionsbezeichnungscode | edt |
| Personenname | Kondakova, Irina |
| Funktionsbezeichnung | HerausgeberIn |
| 942 11 - Zusätzliche Felder (Koha) | |
| Klassifikation oder Aufstellungssystematik | Andere/Generische Klassifikation |
| Koha-Medientyp | Monographien |
| Ausgeschieden | Verloren | Klassifikation oder Aufstellungssystematik | Beschädigt | Nicht entleihbar | Heimatbibliothek | Aufenthaltsbibliothek | Aufstellungsort | Erwerbungsdatum | Inventarnummer | Signatur | Barcode | Letzte Aktivität | Preis gültig von | Koha-Medientyp |
|---|---|---|---|---|---|---|---|---|---|---|---|---|---|---|
| Andere/Generische Klassifikation | MWN Osteuropa | MWN Osteuropa | Lesesaal - 1 | 14/07/2021 | 21-01448 | G 10 aR 569 | E00401082D37159C | 14/07/2021 | 14/07/2021 | Monographien |